Poradca podnikateľa : vestník verejného obstarávania, obchodný vestník január/december 2002

Uložené v:
Podrobná bibliografia
Médium: Program
Jazyk:Slovak
Vydané: Žilina : Poradca podnikateľa, 2002.
Fyzický popis: 1 CD-ROM ; 12 cm.
Tagy: Pridať tag
Žiadne tagy, Buďte prvý kto otaguje tento záznam!

MARC

LEADER 00000nmm a2200000#ir4500
001 000677603
005 20220224124027.0
006 m fq d
007 co cg#
008 220224s2002 xo gq m slo d
020 |q (elektronický zdroj) 
040 |a SVKKK  |b slo  |c SVKKK  |e rda 
041 0 |a slo 
044 |a xo  |c SK 
245 0 0 |a Poradca podnikateľa :  |b vestník verejného obstarávania, obchodný vestník  |n január/december 2002 
264 1 |a Žilina :  |b Poradca podnikateľa,  |c 2002. 
300 |a 1 CD-ROM ;  |c 12 cm. 
336 |a text  |b txt  |2 rdacontent 
337 |a počítač  |b c  |2 rdamedia 
338 |a počítačový disk  |b cd  |2 rdacarrier 
500 |a Záznam revízie 
500 |a Príloha k časopisu Vestník verejného obstarávania 31/2003 (sign. C.7714), k časopisu Obchodný vestník 20/2003 (sign. C.6653) 
910 |a svkkk 
998 |a ER 
090 |g SCKHL  |k Konzultanti  |a CDC.1314  |j 230  |i 2720834091  |s Príručka / Študovňa 
090 |g SCKHL  |k Konzultanti  |a CDC.1315  |j 231  |i 2720834092  |s Príručka / Študovňa 
090 |g SCKHL  |k Konzultanti  |a CDC.1328  |j 244  |i 2720834093  |s Príručka / Študovňa 
924 |a AVM